000 00525nam a2200169 i 4500
001 44379
003 ES-MaACL
005 20230906161021.0
007 t|
008 030321s1961 ag ||||1| spa d
100 1 _aCillero Ulecia, Antonio,
_d1917-2007
_938827
245 1 0 _aBrisas Castellanas
_b: (poesías para recitar) /
_cAntonio Cillero Ulecia.
260 _aBuenos Aires :
_b[s.n.,
_c1961] (
_fGráf. Victoria)
300 _a207 p. ;
_c16 cm.
852 _aES-MaACL
_jG-15927
_bR.60103
999 _c44379
_d44379